| Tag |
First Indicator |
Second Indicator |
Subfields |
| LEADER |
00000cam a2200000Ki 4500 |
| 001 |
in00004004002 |
| 005 |
20190718165608.0 |
| 006 |
m o d |
| 007 |
cr cnu|||unuuu |
| 008 |
181212s2018 enk o 001 0 zxx d |
| 020 |
|
|
|a 9781108597531
|q (electronic bk.)
|
| 020 |
|
|
|a 110859753X
|q (electronic bk.)
|
| 020 |
|
|
|a 9781108588508
|q (electronic bk.)
|
| 020 |
|
|
|a 1108588506
|q (electronic bk.)
|
| 020 |
|
|
|z 9781108427463 (hardback)
|
| 024 |
8 |
|
|a 40029096546
|
| 035 |
|
|
|a (NhCcYBP)ybp15307892
|
| 040 |
|
|
|a NhCcYBP
|c NhCcYBP
|d UtOrBLW
|
| 043 |
|
|
|a a-ii---
|
| 050 |
|
4 |
|a JQ229.C6
|b V47 2018
|
| 072 |
|
7 |
|a POL
|x 032000
|2 bisacsh
|
| 072 |
|
7 |
|a POL
|x 040000
|2 bisacsh
|
| 072 |
|
7 |
|a POL
|x 030000
|2 bisacsh
|
| 072 |
|
7 |
|a POL
|x 018000
|2 bisacsh
|
| 082 |
0 |
4 |
|a 320.9/54
|2 23
|
| 100 |
1 |
|
|a Verma, Arvind,
|e author.
|0 http://id.loc.gov/authorities/names/n2002092158
|
| 245 |
1 |
0 |
|a Combating corruption in India /
|c Arvind Verma, Ramesh Sharma.
|
| 264 |
|
1 |
|a Cambridge :
|b Cambridge University Press,
|c 2018.
|
| 300 |
|
|
|a 1 online resource.
|
| 336 |
|
|
|a text
|b txt
|2 rdacontent
|
| 337 |
|
|
|a computer
|b c
|2 rdamedia
|
| 338 |
|
|
|a online resource
|b cr
|2 rdacarrier
|
| 588 |
0 |
|
|a Vendor-supplied metadata.
|
| 500 |
|
|
|a Electronic resource.
|
| 650 |
|
0 |
|a Political corruption
|z India.
|0 http://id.loc.gov/authorities/subjects/sh2008109564
|
| 655 |
|
7 |
|a Electronic books.
|2 local
|
| 700 |
1 |
|
|a Sharma, Ramesh,
|e author.
|0 http://id.loc.gov/authorities/names/n84021702
|
| 710 |
2 |
|
|a Cambridge University Press.
|0 http://id.loc.gov/authorities/names/n50059133
|
| 776 |
1 |
8 |
|i Print version:
|z 9781108427463
|
| 856 |
4 |
0 |
|u http://proxy.library.tamu.edu/login?url=https://doi.org/10.1017/9781108597531
|z Connect to the full text of this electronic book
|t 0
|
| 955 |
|
|
|a YBP purchased approval e-records
|
| 980 |
|
|
|b 140.00
|g 1
|
| 999 |
f |
f |
|s 8a2126a6-e2de-3cb6-8c1c-06a6c6072d4a
|i 6824daf2-a132-3f95-b33f-2d7f68c585b1
|t 0
|
| 952 |
f |
f |
|a Texas A&M University
|b College Station
|c Electronic Resources
|d Available Online
|t 0
|e JQ229.C6 V47 2018
|h Library of Congress classification
|
| 998 |
f |
f |
|a JQ229.C6 V47 2018
|t 0
|l Available Online
|